Statistics for College Football Teams, Name the State

Click here to take the quiz!

General Stats

  • This quiz has been taken 923 times
    (906 since last reset)
  • The average score is 36 of 43

Answer Stats

College State % Correct
HoustonTexas
96%
AkronOhio
95%
AuburnAlabama
95%
CincinnatiOhio
94%
Miami (ACC)Florida
94%
Boise StateIdaho
94%
CharlotteNorth Carolina
94%
BuffaloNew York
93%
LouisvilleKentucky
93%
DukeNorth Carolina
93%
MemphisTennessee
93%
BaylorTexas
92%
ClemsonSouth Carolina
91%
Miami (MAC)Ohio
91%
PittsburghPennsylvania
91%
StanfordCalifornia
90%
San Jose StateCalifornia
90%
SyracuseNew York
90%
Boston CollegeMassachusetts
89%
Fresno StateCalifornia
89%
Notre DameIndiana
88%
Brigham YoungUtah
87%
NorthwesternIllinois
84%
PurdueIndiana
82%
ToledoOhio
82%
TulsaOklahoma
82%
Air ForceColorado
81%
Southern MethodistTexas
80%
RutgersNew Jersey
79%
RiceTexas
78%
VanderbiltTennessee
78%
Kent StateOhio
75%
Wake ForestNorth Carolina
74%
NavyMaryland
73%
Bowling GreenOhio
73%
TulaneLouisiana
72%
ArmyNew York
71%
TemplePennsylvania
68%
Appalachian StateNorth Carolina
68%
MarshallWest Virginia
67%
Ball StateIndiana
64%
TroyAlabama
59%
Old DominionVirginia
57%

Score Distribution

Percentile by Number Answered

Percent of People with Each Score

Your Score History

You have not taken this quiz since the last reset